000 02278cam a22005414i 4500
003 PE-LiUPU
005 20250731184534.0
008 150623s r 000 0 d
020 _a1563380552
035 _a(Sirsi) i9781563380556
040 _aPE-LiUPU
_bspa
_cPE-LiUPU
_erda
049 _aPRUA
082 0 4 _a933.302
_bR24
_221
100 1 _aRast, Walter E.,
_eautor.
245 1 0 _aThrough the ages in Palestinian archaeology :
_ban introductory handbook /
_cWalter E. Rast.
264 1 _aHarrisburg, Pennsylvania :
_bTrinity Press International,
_c1992.
300 _a221 páginas :
_bilustraciones fotos, mapas ;
_c22 centímetros
336 _atext
_2rdacontent
337 _aunmediated
_2rdamedia
338 _avolume
_2rdacarrier
504 _aIncluye bibliografía.
505 0 _aUnearthing the leftovers of Ancient peoples. -The land and its resources. -Finding how Old Things are. -The stone age occupants. -Life in the eaarly villages. -The first age of cities. -The second age of cities -Two peoples contending for the land.. .-Muslims, Christians, and jews during the islamic period.
526 _aP136
526 _aP135
526 _aP134
526 _aP133
526 _aP144
526 _aP143
526 _aP87
526 _aP35
526 _aP20
526 _aP14
526 _aP10
526 _aP06
650 0 4 _aExcavaciones arqueológicas
_zJordania.
650 0 4 _aExcavaciones arqueológicas
_zPalestina.
651 _aJordania
_xAntigüedades.
651 _aPalestina
_xAntigüedades
_93129
942 _2ddc
_cBOOK
949 _a933.302 R24
_wDEWEY
_c1
_i43843
_lCCODEBUL1
_mBUL
_r0
_sY
_tBOOK
_u2015-6-24
_xTEOLOGIA
_PP35
_0COMPRA
_o.STAFF. Colección General
949 _a933.302 R24
_wDEWEY
_c2
_i47887
_lCCODEBUL1
_mBUL
_r0
_sY
_tBOOK
_u2015-6-24
_xTEOLOGIA
_PP35
_0COMPRA
_o.STAFF. Colección General
994 _aC0
_bPEPRU
596 _a1
999 _a933.302 R24
_wDEWEY
_c24359
_i43843
_f2021-11-11
_g5
_lCCODEBUL1
_mBUL
_r0
_sY
_tBOOK
_u2015-6-24
_xTEOLOGIA
_PP35
_0COMPRA
_o.STAFF. Colección General
_d24359
999 _a933.302 R24
_wDEWEY
_c2
_i47887
_f2021-11-8
_g5
_lCCODEBUL1
_mBUL
_r0
_sY
_tBOOK
_u2015-6-24
_xBIBLIOTECA
_PP35
_0COMPRA
_o.STAFF. Colección General
980 _81
_gALBERTO SANCHEZ Responsable de Automatización